Sultans ottomans - Mort subite - Statistiques

Statistiques générales
  • Ce quiz a été pris 615 fois
  • Le résultat moyen est 6 sur 14
Answers on the Grid
Answers color-coded by a green-red scale on the quiz's grid according to % correct below.
Orhan
Osman
Murat
Bajezid
Mehmed
Selim
Süleyman
Ahmed
Mustafa
Ibrahim
Mahmud
Abdülhamid
Abdülmecid
Abdülaziz
Sinan
Ali
Yunus
Rüstem
Yusuf
Serdar
Hasan
Halil
Bayram
Recep
Ekrem
Ismail
Abdullah
Aziz
Abdurrahman
Hüseyin
 
Statistiques - réponses
Réponse % Correct
Mehmed
64%
Süleyman
64%
Osman
60%
Selim
53%
Abdülhamid
49%
Mustafa
43%
Murat
42%
Abdülmecid
40%
Mahmud
40%
Abdülaziz
38%
Bajezid
37%
Ahmed
34%
Orhan
32%
Ibrahim
27%
Aucun quiz correspondant
Distribution des résultats
% des personnes avec chaque résultat
Percentile par nombre de réponses
Votre historique - résultats
Vous n’avez pas pris ce quiz